000 00355cam a2200145ua 4500
041 _aeng
_h
082 _a821
_bCOL/PO
100 _aColeridge, .
245 _aPoetry and prose /
_cColeridge.
_hTextual Documents
260 _aLondon :
_bOxford at the Clarendon Press ,
_c1963.
300 _a184 ; .
504 _a
942 _cBK
999 _c5170
_d5170